| 000 | 00415nam a2200145Ia 4500 | ||
|---|---|---|---|
| 008 | 151213s9999 xx 000 0 und d | ||
| 100 | _aDorothy 2. Sayers | ||
| 245 |
_aThe Comedy of Dante Alighieri Purgatory Hell - 1 _cDorothy 2. Sayers |
||
| 260 |
_aLondon _bPenguing _c1949 |
||
| 300 | _a8389 p. | ||
| 650 | _aEnglish Literature | ||
| 650 | _aEnglish Literature | ||
| 700 | _aDorothy 2. Sayers | ||
| 999 |
_c4227 _d4227 |
||